| 000 | 00463cam a2200193ua 4500 | ||
|---|---|---|---|
| 001 | 8742 | ||
| 008 | 150213n ii |||gr||||Z||||||asm | ||
| 040 | _cMAIN | ||
| 041 | _aasm | ||
| 082 | _a891.4513 | ||
| 100 |
_aBorgohain, H., _eAuthor. |
||
| 245 | 1 |
_aSubala _cBu Homen Borgohain |
|
| 250 | _a1st. | ||
| 260 |
_aNalbari: _bSamanbay, _c1989. |
||
| 300 | _a154p. | ||
| 653 | _aEast Indo-European & Celtic literatures | ||
| 653 | _aAssamese novels | ||
| 942 | _cBK | ||
| 999 |
_c7839 _d7839 |
||